Mort Subite - Kpop Idols Japonais - Statistiques

Statistiques générales
  • Ce quiz a été pris 632 fois
  • Le résultat moyen est 11 sur 18
Answers on the Grid
Answers color-coded by a green-red scale on the quiz's grid according to % correct below.
Mina - Twice
Sana - Twice
Tzuyu - Twice
Soul - P1Harmony
Giselle - aespa
Ningning - aespa
Yuta - NCT 127
Yuki - Purple Kiss
Yuqi - I-dle
Niki - Enhypen
Sunoo - Enhypen
Keita - EVNNE
Ruka - Babymonster
Rami - Babymonster
Yeji - Itzy
Sakura - Le Sserafim
Wonyoung - Ive
Yeri - Red Velvet
Kai - Exo
Riku - NCT Wish
Felix - Stray Kids
Yoshi - Treasure
Rei - Ive
Tsuki - Billie
Sora - woo!ah!
Mashino - Treasure
Shotaro - Riize
Yuto - Pentagon
 
Statistiques - réponses
Réponse % Correct
Niki - Enhypen
76%
Sakura - Le Sserafim
71%
Sana - Twice
69%
Shotaro - Riize
67%
Mina - Twice
66%
Yoshi - Treasure
66%
Yuta - NCT 127
65%
Ruka - Babymonster
63%
Mashino - Treasure
60%
Giselle - aespa
57%
Riku - NCT Wish
57%
Rei - Ive
56%
Tsuki - Billie
56%
Yuki - Purple Kiss
56%
Yuto - Pentagon
55%
Keita - EVNNE
52%
Soul - P1Harmony
47%
Sora - woo!ah!
45%
Aucun quiz correspondant
Distribution des résultats
% des personnes avec chaque résultat
Percentile par nombre de réponses
Votre historique - résultats
Vous n’avez pas pris ce quiz